Sports Quiz

Random Sports or Basketball Quiz

NBA One Team Players Quiz Stats

 Plays Quiz Updated Apr 15, 2021

Support Sporcle.
Go Orange.
Score 0/47 Timer 08:00
5 Plays Today
Years Player % Correct
2009-presentStephen Curry
97.9%
1997-2016Tim Duncan
87%
1996-2016Kobe Bryant
84.5%
2002-2018Manu Ginóbili
83.1%
1987-2005Reggie Miller
78.6%
1998-2019Dirk Nowitzki
76.1%
1984-2003John Stockton
74.9%
1989-2003David Robinson
74.7%
1979-1996Magic Johnson
73.1%
1979-1992Larry Bird
72.2%
2003-presentUdonis Haslem
58.8%
1981-1994Isiah Thomas
56.6%
1982-1994James Worthy
56%
1960-1974Jerry West
54.6%
1985-1999Joe Dumars
46.5%
2004-2018Nick Collison
43.5%
1976-1987Julius Erving
41%
1964-1974Willis Reed
37.2%
1982-1993Mark Eaton
35.7%
1980-1993Kevin McHale
34.2%
1957-1969Sam Jones
32.9%
1956-1969Bill Russell
32.7%
1988-2000Rik Smits
31.8%
1999-2012Jeff Foster
29.1%
Years Player % Correct
1958-1972Elgin Baylor
28.3%
1954-1965Bob Pettit
27.8%
1962-1978John Havlicek
21%
1968-1978Tom Boerwinkle
19.1%
1978-1990Michael Cooper
17.9%
1968-1981Wes Unseld
14.8%
1970-1981Rudy Tomjanovich
13.2%
1958-1973Hal Greer
12.6%
1970-1983Calvin Murphy
11.6%
1967-1977Bill Bradley
11.5%
1975-1988Alvan Adams
9.6%
1950-1962Paul Arizin
9.2%
1986-1998Nate McMillan
9.1%
1949-1964Dolph Schayes
9%
1971-1984Fred Brown
7.9%
1960-1973Tom Sanders
5%
1980-1991Darrell Griffith
4.9%
1955-1966Jack Twyman
4.5%
1956-1966Cliff Hagan
3.9%
1949-1959Vern Mikkelsen
3.6%
1960-1971Al Attles
1.8%
1979-1989Allen Leavell
1.1%
1956-1966Al Bianchi
0.6%

From the Vault

Broadway Musical Characters A-Z

by beckala63

If you're stuck, you could always try bursting out into song.
Remove Ads.
Support Sporcle.
Get the best of Sporcle when you Go Orange. This ad-free experience offers more features, more stats, and more fun while also helping to support Sporcle. Thank you for becoming a member.

Show Comments

Extras

Top Quizzes Today


Score Distribution

Your Account Isn't Verified!

In order to create a playlist on Sporcle, you need to verify the email address you used during registration. Go to your Sporcle Settings to finish the process.

Report this User

Report this user for behavior that violates our Community Guidelines.

Details: